| 000 | 01006cam a22003257a 4500 | ||
|---|---|---|---|
| 003 | CHAP | ||
| 005 | 20220329134238.0 | ||
| 008 | 971013s1925 r 00010 d | ||
| 010 | _a17520 | ||
| 011 | _a18492 | ||
| 035 | _a22577 | ||
| 040 | _cCHAP | ||
| 082 |
_a631.522 _bJ65 |
||
| 100 | 0 | 0 |
_aJones, Donald Forsha. _961996 |
| 245 | 0 | _aGenetics in plant and animal improvement | |
| 260 |
_aNew York : _bWiley, _c1925 |
||
| 300 |
_a568 p. _b: ilus |
||
| 590 |
_aBATCH-UPD _b10 _c20130110 _lUCH01 _h1830 |
||
| 590 |
_aBATCH-UPD _b10 _c20130410 _lUCH01 _h1202 |
||
| 590 |
_aBATCH-UPD _b10 _c20130914 _lUCH01 _h1456 |
||
| 590 |
_aCONVERSION _b10 _c20130109 _lUCH01 _h1311 |
||
| 650 | 1 | 4 |
_aGanadería. _944604 |
| 650 | 1 | 4 |
_aHerencia. _953725 |
| 650 | 1 | 4 |
_aPlantas _xMejoramiento. _988849 |
| 650 | 1 | 4 |
_aVariación (Biología) _9118140 |
| 901 | _aBK | ||
| 942 | _cLIBRO | ||
| 949 |
_a631.522 J65 _bBC _cLIBRO _d-52901 _eLIBRO _h21701 _i22577 _si |
||
| 949 |
_a631.522 J65 _bBC _cLIBRO _d-52902 _eLIBRO _fc.2 _h21702 _i22577 _si |
||
| 999 |
_c17520 _d17520 |
||